L.D. Gabriellis De Parexa et Quesada, de Universa Instrumentorum editione tractatus in duos tomus divisus. Tomus Primus (Record no. 10920)

MARC details
000 -CABECERA
campo de control de longitud fija 02497nam a22002777a 4500
001 - NÚMERO DE CONTROL
campo de control BRCA_9298
003 - IDENTIFICADOR DEL NÚMERO DE CONTROL
campo de control FranzMayer
005 - FECHA Y HORA DE LA ÚLTIMA TRANSACCIÓN
campo de control 20230726141901.0
008 - DATOS DE LONGITUD FIJA--INFORMACIÓN GENERAL
campo de control de longitud fija 230726b |||||||| |||| 00| 0 eng d
040 ## - FUENTE DE LA CATALOGACIÓN
Centro catalogador/agencia de origen MFM
Lengua de catalogación esp
Centro/agencia transcriptor MFM
050 #4 - SIGNATURA TOPOGRÁFICA DE LA BIBLIOTECA DEL CONGRESO
Número de clasificación LM49
Número de documento/Ítem P37 1751
082 ## - NÚMERO DE LA CLASIFICACIÓN DECIMAL DEWEY
Número de edición CR3499
100 1# - ENTRADA PRINCIPAL--NOMBRE DE PERSONA
Código de función/relación Autor
Nombre de persona Parexa de y Quesada, Gabriel
9 (RLIN) 28978
240 1# - TÍTULO UNIFORME
Título uniforme L. D. Gabrielis de Parexa et Quesada de Universa Instrumentorum editiones tractatus in duos tomus divisus. Tomus Primus.
Medio J.C. Castaonensis, et in Ipsamet civitate, ex flatu Nobilium Confraternitatis Praetoris, Ciruam Magni Philippi IV. fequentis & in ejus Tribunalibus caufurum Patroni, Praxis edendi sive Tractatus de Universa Instrumentorum Editione, Tam a Praelatis, Quam Judicibus Ecclefiafticis & Sacularibus, litigaroribusque in Juridico prestanda. In quo omnis materia Editionum &coacfte porrigendarum complectirur & maximis lucubrationibus congetta enodatur
Lenguaje de la obra Latín
245 0# - MENCIÓN DE TÍTULO
Título L.D. Gabriellis De Parexa et Quesada, de Universa Instrumentorum editione tractatus in duos tomus divisus. Tomus Primus
Resto del título J.C. Castaonensis, et in ipsamet. Civitate, ex flatu Nobilium Confraternitatis Praetoris, Curiam Magni Philippi IV. fequentis & in ejus Tribunalibus caufarum Patroni, Praxis edendi sive Tractatus de Universa Instrumentorum editione, tam a praelatis, quam Judicibus Ecclesiasticis & Sacularibus, litigatoribus que in Juridico preftanda . In quo omnis materia Editionum & caufative porrigendarum completieur & maximis lucubrationibus congelfa enodatur.
250 ## - MENCIÓN DE EDICIÓN
Mención de edición Editio Novissima
Resto de la mención de edición Novena Edición
260 ## - PUBLICACIÓN, DISTRIBUCIÓN, ETC.
Lugar de publicación, distribución, etc. Lugduni, Italia
Nombre del editor, distribuidor, etc. Sumptibus Petri Bruyset & Sociorum
Fecha de publicación, distribución, etc. 1751
300 ## - DESCRIPCIÓN FÍSICA
Extensión 337 p
Dimensiones 36 cm
440 ## - MENCIÓN DE SERIE/PUNTO DE ACCESO ADICIONAL--TÍTULO
Título L.C. Gabrielis De Parexa et Quesada de universa instrumentorum editione travtatus in duos tomos divisus
Número de parte o sección de la obra Tomus primus
Nombre de parte o sección de la obra Cui accfferunt Additionws, in fuis locis repofitae, pro corrobatione corum quae ab Actore feripta funt & aliae pro emmendatione aliquarum opiniomum, prout ex carum serie colligi poterir. Opus fane omnibus in Curiis tam Pontificiis quam Regiis ver fantibus utile apprime & neccrffarium
Designación de volumen o secuencia Vol 1
9 (RLIN) 28979
500 ## - NOTA GENERAL
Nota general El libro tiene preferencia y permiso real de la Corona.
500 ## - NOTA GENERAL
Nota general Algunas páginas dl libro fueron restauradas.
505 0# - NOTA DE CONTENIDO CON FORMATO
Nota de contenido con formato Texto en: latínDirigido a: historiadores, antropólogos o sociólogos.Incluye índice temático.
650 1# - PUNTO DE ACCESO ADICIONAL DE MATERIA--TÉRMINO DE MATERIA
Fuente del encabezamiento o término Realeza
Término de materia o nombre geográfico como elemento de entrada Herencia
Subdivisión de forma Provincia
9 (RLIN) 28980
651 2# - PUNTO DE ACCESO ADICIONAL DE MATERIA--NOMBRE GEOGRÁFICO
Fuente del encabezamiento o término Títulos de honor
Nombre geográfico Títulos de realeza
Subdivisión de forma Haciendas
9 (RLIN) 28981
942 ## - ELEMENTOS DE PUNTO DE ACCESO ADICIONAL (KOHA)
Fuente del sistema de clasificación o colocación Library of Congress Classification
Tipo de ítem Koha Libros
Holdings
Estado de retiro Estado de pérdida Fuente del sistema de clasificación o colocación Estado dañado No para préstamo Código de colección Localización permanente Ubicación/localización actual Fecha de adquisición Fuente de adquisición Total de préstamos Signatura topográfica completa Código de barras Fecha visto por última vez Precio válido a partir de Tipo de ítem Koha
El ejemplar forma parte de la colección y puede ser consultado según las políticas vigentes.   Library of Congress Classification     Conventual Franz Mayer Biblioteca del Museo Franz Mayer (Rogerio Casas-Alatriste) Biblioteca del Museo Franz Mayer (Rogerio Casas-Alatriste) 26/07/2023 Donación   LM49 P37 1751 CFM00534 26/07/2023 26/07/2023 Libros